Statistics for 2015 AFL (Aussie Rules) Captians

Click here to take the quiz!

General Stats

  • This quiz has been taken 227 times
  • The average score is 13 of 20

Answer Stats

Answer % Correct
Taylor Walker
84%
Joel Selwood
80%
Scott Pendlebury
78%
Trent Cotchin
77%
Gary Ablett
77%
Luke Hodge
77%
Jobe Watson
73%
Matthew Pavlich
70%
Nathan Jones
70%
Travis Boak
70%
Nick Riewoldt
62%
Tom Rockliff
61%
Andrew Swallow
61%
Shannon Hurn
59%
Callan Ward
57%
Marc Murphy
57%
Kieren Jack
52%
Robert Murphy
52%
Jarrad McVeigh
49%
Phil Davis
48%

Score Distribution

Percentile by Number Answered

Percent of People with Each Score

Your Score History

You have not taken this quiz